00420nam a2200181Ia 4500003000900000008004100009040001300050040001300063041000900076100002000085100000900105245007400114250001100188260001400199260000900213300001000222490000600232IT-RoPAU120407s9999 xx 000 0 und d aIT-RoPAU cIT-RoPAU alat  aA. Thomas Iorio cs.j. aTheologia moralis iuxta methodum compendii I. P..Gury et R. Tummolo aNapoli aD’Auria c1938 c24 cm v3